000 00573nam a2200181Ia 4500
008 090123s9999 xx 000 0 und d
082 _b10040
_a891.463/नंदा
100 _aनंदा गुलशन
245 _aआकाशाने धरले मौन
250 _a1
260 _bमनोरंजन
_c1978
300 _a142
600 _aनंदा गुलशन
630 _aआकाशाने धरले मौन
700 _aनंदा गुलशन
730 _aआकाशाने धरले मौन
942 _cBOOK
999 _c48106
_d48106